000 00369nam a2200145Ia 4500
008 100122s9999 xx 000 0 und d
082 _b45051
_a1.642
100 _aMASANI MINOO
245 _aBASIC PROGRAMMING AND COBOL
260 _bSHETH
_c1986
300 _a211
630 _aBASIC PROGRAMMING AND COBOL
730 _aBASIC PROGRAMMING AND COBOL
942 _cBOOK
999 _c373610
_d373607